000 00675cam a2200253 4500
008 090401t1993 xxu||||| |||| 00| 0 eng d
020 _a0851256090
035 _a(Sirsi) u36430
041 _aeng
050 _a690
110 _aBuilding Research Establishment
245 _aLow-rise buildings on shrinkable clay soils: Part 1.
250 _aRevised ed.
260 _aGarston, Watford
_bBuilding Research Establishment
_c1993
300 _a4p. : ill. ; 30cm.
350 _a0
490 _aBRE Digest
_v240
650 _aCLAY SOILS
650 _aLOW-RISE BUILDINGS
650 _aSHRINKAGE
690 _aBUILT ENVIRONMENT
942 _n0
948 _c04/03/1997
999 _c90278
_d90278